000 02571nam a2200301Ia 4500
003 OSt
005 20210908165420.0
008 210310s1994 mx ad gr 000 0 spa d
020 _a9681641290
040 _aCO-JMCR
_cCO-JMCR
041 0 _aspa
082 0 4 _a338.23 /
_bG245d
_223
100 1 _aGarza Galindo, Alejandro Almeida,
_eautor
_928141
245 1 0 _aDeterminación del precio internacional del petróleo opciones para México /
_cAlejandro Almeida Garza Galindo
250 _aPrimera edición
260 _aMéxico :
_bFondo de Cultura Económica,
_c1994.
300 _axiii, 247 páginas :
_bilustraciones y gráficas en blanco y negro ;
_c23 cm.
440 _a#N/A
_928142
490 0 _aEconómica Latinoamericana
500 _aIncluye índices.
504 _aBibliografía : páginas 223-230.
505 0 _aConceptos de los precios del petróleo y desarrollo del mercado internacional del petróleo. -- Determinación de los precios del petróleo. -- Las opciones de México en el mercado internacional del petróleo.
520 0 _aVasto y complejo, el mundo del petróleo rige la vida cotidiana de nuestra sociedad. Entre sus facetas esenciales está la determinación de los precios del crudo, por la cual se deciden y llevan a cabo todas las actividades ligadas a esta industria. Partiendo de una información hasta ahora dispersa y de muy difícil acceso, el autor analiza el pasado y el presente de los precios del petróleo ordenados de manera clara y significativa. Sólo un análisis exhaustivo de las características y evolución del mercado internacional del petróleo y de sus precios, permite definir con exactitud la posición y posibilidades de México en este contexto. De impecable rigor técnico, ésta es una valiosa fuente de información regida por una visión crítica e independiente. Esta obra es lectura obligada para quienes estudian el multifacético tema del petróleo y referencia esencial para quienes quieran incursionar en este campo. Alejandro Almeida Garza Galindo inició sus estudios en México y los continuó en los Países Bajos, Inglaterra y Austria, donde se doctoró en la Universidad de Viena. Ha trabajado en el Programa de Estudios Energéticos de El Colegio de México, en la Dirección General de Energéticos de las Comunidades Europeas y en la Organización para el Desarrollo Industrial de las Naciones Unidas en Viena.
650 1 4 _aMercado petrolero
_940184
650 2 4 _aPrecios de recompra
_xPetróleo
_940185
650 2 4 _aDisponibilidad del petróleo
_940186
942 _2ddc
_cBK
999 _c12405
_d12405